Statistics for Regional Geography Quiz-South America and Oceania

Click here to take the quiz!

General Stats

  • This quiz has been taken 27 times
  • The average score is 10 of 12

Answer Stats

HintAnswer% Correct
What is the capital of Chile?Santiago
100%
In what country is Uluru located?Australia
96%
What country lays claim to Easter Island?Chile
96%
What country is Suva the capital of?Fiji
96%
What country is Nadi located in?Fiji
96%
What country is Port Morseby the capital of?Papua New Guinea
96%
What is the capital of Uruguay?Montevideo
92%
What Australian province is closest to the Great Barrier Reef?Queensland
92%
What is the capital of Fiji?Suva
92%
New Caledonia is a territory of what country?France
84%
What is the capital of Tonga?Nuku'alofa
60%
What is the highest mountain in Vanuatu?Mount Tabwemasana
12%

Score Distribution

Percentile by Number Answered

Percent of People with Each Score

Your Score History

You have not taken this quiz